Welcome to CU Library Online Public Access Catalogue (OPAC)

AFRICANA; (Record no. 7183)

MARC details
000 -LEADER
fixed length control field 00385nam a22001217a 4500
005 - DATE AND TIME OF LATEST TRANSACTION
control field 20250725152651.0
008 - FIXED-LENGTH DATA ELEMENTS--GENERAL INFORMATION
fixed length control field 250725b |||||||| |||| 00| 0 eng d
050 ## - LIBRARY OF CONGRESS CALL NUMBER
Classification number REF DT14
Item number AFR
245 ## - TITLE STATEMENT
Title AFRICANA;
Remainder of title THE ENCYCLOPEDIA OF THE AFRICAN AND AFRICAN AMERICAN EXPERIENCE
Statement of responsibility, etc. EDITED BY KWAME ANTHONY APPIAH
260 ## - PUBLICATION, DISTRIBUTION, ETC.
Place of publication, distribution, etc. USA
Name of publisher, distributor, etc. PERSEUS BOOK GROUP
Date of publication, distribution, etc. c1999
300 ## - PHYSICAL DESCRIPTION
Extent 2095p
942 ## - ADDED ENTRY ELEMENTS (KOHA)
Source of classification or shelving scheme Library of Congress Classification
Koha item type Books
Suppress in OPAC No
999 ## -
-- 7183
-- 7183
Holdings
Withdrawn status Lost status Source of classification or shelving scheme Damaged status Not for loan Collection Home library Current library Shelving location Date acquired Total checkouts Full call number Barcode Date last seen Copy number Price effective from Koha item type
    Dewey Decimal Classification     Reference Undergraduate Library (Christ Temple) Undergraduate Library (Christ Temple) General stacks 07/25/2025   REF DT14 AFR ulct00004184 07/25/2025 1 07/25/2025 Books
© 2023-2024 Copyright: Central University Libraries. All Rights Reserved | Created by: Mahone Tech Office